000 00301nam a22001337a 4500
008 170504b xxu||||| |||| 00| 0 eng d
020 _a9781269263375
041 _aeng
080 _a343.9
100 _a14
101 _aSHJ
245 _aPEARSON CRIMINAL JUSTICE
_cWILLIAM.F.P
942 _2udc
_cBK
999 _c12691
_d12691